000 00776nam a22002297a 4500
005 20170124105949.0
010 _aA-644681
020 _c00.00
_a8121505463
035 _aA-644681
037 _bCen Lib/Ret
040 _aDPL
_bEN
082 _a250.33
_bTHO
100 _aThomas, Edward J.
_913065
245 _aThe life of buddha :
_cby Edward J. Thomas
_bas legend and history /
260 _aNew Delhi
_bMunshiram Manoharlal Publishers
_c1992
270 _aPost Box 5715, 54 Rani Jhansi Road
_bNew Delhi
_e110055
300 _axxiv, 297p.
_c22cm(Hb)
500 _aIncludes bibliographic references and index
650 _aInterfaith relations
_913066
650 _aBuddhism
_91068
942 _2ddc
_cEN
_h250.33
_mTHO
999 _c125116
_d125116